000 00380nam a2200133Ia 4500
008 220217s9999 xx 000 0 und d
245 0 _aRubber hoses for oil suction and discharge
260 _aSwitzerland
260 _c1975
_bInternational Organisation for Standards
490 _aRubber products
500 _aStandard number: ISO 1823
650 _aRubber hoses
942 _cST
999 _c74049
_d74049